| 000 | 00461cam a2200181ua 4500 | ||
|---|---|---|---|
| 020 | _c15.00 | ||
| 041 |
_amal _h |
||
| 082 |
_a342.02 _bKAR/AD |
||
| 100 | _aKarunakaran, K P . | ||
| 245 |
_aAdhunika Bharanaghatanakal / _cK P Karunakaran. _hTextual Documents |
||
| 250 |
_a1 / _b. |
||
| 260 |
_aThiruvananthapuram : _bKerala Bhasha Institute , _c1970. |
||
| 300 | _a542 ; . | ||
| 365 | _a15.00 | ||
| 504 | _a | ||
| 942 | _cBK | ||
| 999 |
_c6565 _d6565 |
||